000 00855nam a2200217Ia 4500
003 IN-BaIIA
008 211028s9999 xx 000 0 eng d
020 _a0-8194-1049-8
040 _cIIA Library
080 _a535(082.1)
_bSPI-1113
111 _aSociety of Photo-Optical Instrumentation Engineers Conference
_cGermany
_d1988 Sept. 12-21
_917082
245 0 _aReflective optics II
_bproceedings of the SPIE held in Humburg, Germany, on 12-21 September 1988
_cedited by Dietrich G.Korsch
260 _aWashington
_bSociety of Photo-Optical Instrumentation Engineers
_c1989
300 _avi, 279p.
490 _aSPIE proceedings series; v. 1113
650 _aAstronomy and Astrophysics Thesaurus
650 _aOptics
650 _aReflective index
_917083
700 _aKorsch, Dietrich G., ed.
_917084
942 _cBK
999 _c10096
_d10096